Open Data Biblioteca Nacional de Portugal


República Portuguesa: Ministério da Cultura
Biblioteca Nacional de Portugal

Catálogo da BNP: acesso por Identificadores Unívocos
Registos Bibliográficos associados ao registo de autoridade

Etiqueta de registo: 00847cam 2200229 450
001 1071485
003 http://id.bnportugal.gov.pt/bib/catbnp/1071485
005 20011120182900.0
100 ## $a20011120d1735 k y0pory0103 ba
101 0# $alat
102 ## $aDE
105 ## $ay z 000yy
106 ## $ar
200 1# $aEthica supernaturalis salisburgensis, sive cursus theologiae moralis, ordine & methodo in celeberrima, Archi-Episcopali, Benedictina Universitate Salisburgensi usitatis concinnatus$fauthore P. Ludovico Babenstuber...
205 ## $aEditio secunda
210 #9 $aAugustae Vindelicorum$csumptibus Haeredum Martini Happach,$d1735
215 ## $a[16], 930, [38] p. (2 v.]
620 ## $dAugsburg
700 #1 $aBabenstuber,$bLudwig,$f1660-1726,$cO.S.B.$31016751
702 #1 $aHappach,$bMaritini,$cHerdeiro$4610$31016752
801 #0 $aPT$bBN$gRPC
966 ## $b001$d1$lBN$mFGMON$sR. 1204 A.$x0
966 ## $b001$d2$lBN$mFGMON$sR. 1205 A.$x0
997 ## $aBIBEOD

Etiqueta de registo: 00758cam 2200229 450
001 1074091
003 http://id.bnportugal.gov.pt/bib/catbnp/1074091
005 20020110000000.0
100 ## $a20020110d1738 k y0pory0103 ba
101 0# $alat
102 ## $aDE
105 ## $ay z 000yy
106 ## $ar
200 1# $aPhilosophia thomistica saliburgensis, sive cursus philosophicus secundum doctrinam Divi Thomae Aquinatis...$fauthore P. Ludovico Babenstuber...
205 ## $aEditio tercia
210 #9 $aAugustae Vindelicorum$csumptibus Martini Veith, & Confort. Happachianorum,$d1738
215 ## $a4 t. em 1 v.
620 ## $dAugsburg
700 #1 $aBabenstuber,$bLudwig,$f1660-1726,$cO.S.B.$31016751
702 #1 $aVeith,$bMartin$4160$3996704
702 #1 $aHappach,$bMaritini,$cHerdeiro$4610$31016752
801 #0 $aPT$bBN$gRPC
966 ## $lBN$mFGMON$sR. 2817 A.$x0
997 ## $aBIBEOD

Etiqueta de registo: 00854cam 2200229 450
001 1071489
003 http://id.bnportugal.gov.pt/bib/catbnp/1071489
005 20011120183200.0
100 ## $a20011120d1718 k y0pory0103 ba
101 0# $alat
102 ## $aDE
105 ## $ay z 000yy
106 ## $ar
200 1# $aEthica supernaturalis salisburgensis, sive cursus theologiae moralis, ordine & methodo in celeberrima, Archi-Episcopali, Benedictina Universitate Salisburgensi usitatis concinnatus$fauthore P. Ludovico Babenstuber...
210 #9 $aAugustae Vindelicorum$csumptibus Georgii Schlüter, & Martin Happach,$d1718
215 ## $a[20], 1214, [38] p. (2 v.]
620 ## $dAugsburg
700 #1 $aBabenstuber,$bLudwig,$f1660-1726,$cO.S.B.$31016751
702 #1 $aSchlüter,$bGeorg,$ffl. 1700-1731$4610$31016776
702 #1 $aHappach,$bMartin,$ffl. 1705 -1727$4610$31016783
801 #0 $aPT$bBN$gRPC
966 ## $b001$d1$lBN$mFGMON$sR. 1232 A.$x0
966 ## $b001$d2$lBN$mFGMON$sR. 1233 A.$x0
997 ## $aBIBEOD

Etiqueta de registo: 00792cam 2200217 450
001 1071490
003 http://id.bnportugal.gov.pt/bib/catbnp/1071490
005 20011120000000.0
100 ## $a20011120d1718 k y0pory0103 ba
101 0# $alat
102 ## $aDE
105 ## $ay z 000yy
106 ## $ar
200 1# $aEthica supernaturalis salisburgensis, sive cursus theologiae moralis, ordine & methodo in celeberrima, Archi-Episcopali, Benedictina Universitate Salisburgensi usitatis concinnatus$fauthore P. Ludovico Babenstuber...
210 #9 $aAugustae Vindelicorum$csumptibus Georgii Schlüter, & Martin Happach,$d1718
215 ## $a[16], 930, [38] p.
620 ## $dAugsburg
700 #1 $aBabenstuber,$bLudwig,$f1660-1726,$cO.S.B.$31016751
702 #1 $aHappach,$bMartin,$ffl. 1705 -1727$4610$31016783
702 #1 $aSchlüter,$bGeorg,$ffl. 1700-1731$4610$31016776
801 #0 $aPT$bBN$gRPC
966 ## $lBN$mFGMON$sR. 1234 A.$x0
997 ## $aBIBEOD

Etiqueta de registo: 00254nam 2200025 450
001 2287022
003 http://id.bnportugal.gov.pt/bib/catbnp/2287022
100 ## $a20260526d1724 m y0pory01030103ba
101 0# $alat
102 ## $aDX
105 ## $ay z 000yy
106 ## $ar
200 1# $aP. Ludouici Babenstuber, Benedictini Ettalensis in Bavaria Superiore, Antehac in Salisburgensi Vniuersitate Procancellarii, Prolusiones Academicae.$hLibri tres
210 #9 $aAugustae Vindelicorum$csumptibus Georgii Schlüter, & Martini Happach, Bibliop.$ctypis Antonii Maximiliani Heiss,$d1724
215 ## $a[16], 352 p.$d8º (19 cm)
305 ## $aExiste emissão homóloga, com grav. diversa na f. de rosto e diferente imposição do texto da dedic. (cf. bibliogr.)
306 ## $aMarca do impressor na f. de rosto
307 ## $aAssin.: )(//8, A-Y//8
321 ## $aBayerische Staatsbibliothek BV004527130 (emissão var.)
500 10 $aProlusiones Academicae
620 ## $dAugsburgo
700 #1 $aBabenstuber,$bLudwig,$f1660-1726,$cO.S.B.$31016751
702 #1 $aSchlüter,$bGeorg,$ffl. 1700-1731$4650$31016776
702 #1 $aHappach,$bMartin,$ffl. 1705 -1727$4650$31016783
702 #1 $aHeiss,$bAnton Maximilian,$ffl. 1718-1748$4610$3175740
801 #0 $aPT$bBN$gRPC
966 ## $lBN$mFGMON$sR. 1897 P.
971 ## $cpmesqui$d20260527
997 ## $aBIBEOD

OpendataBNP@bnportugal.pt | Mais informação sobre acesso aos dados BNP